01063nam a2200253Ia 4500003000900000005001700009008004100026040003100067040001300098041000800111100003000119100001500149245017200164250000600336260004500342300001700387490007000404500001900474520008700493942001200580999001700592952010000609952010000709IT-RoPAU20220918175902.0120407s9999 xx 000 0 und d aIT-RoPAUc20140510103919.0 cIT-RoPAU aita aCesarato M. Regina924406 csr.916933 aCon Maria verso il compimento della storia.bSpunti di riflessione e di preghiera sulla "Via Humanitatis" di Don Alberione. Anno Mariano: Pentecoste 1987 /Assunta 1988 a  c1988aRomabCasa Generalizia PDDM - CSCM a47 p.c21 cm vVol. n. 1aN. 1 - Anno Mariano - Pentecoste 1987/ Assunta 1988  aUso manoscitto aIndice Prefazione I. Riflessioni introduttive II. Lettura mariana del testo Note cBK2ddc c34953d34953 00102ddc406P_D671aPAULUSbPAULUSd2012-04-11l0oP D6r2012-04-11 00:00:00w2012-04-11yBK 00102ddc406P_D571aPAULUSbPAULUSd2014-05-12l0oP D5r2014-05-12 00:00:00w2014-05-12yBK